Responses for Show #5070 - Friday, September 29, 2006

Contestants

[<< previous game]

Jason Scull, a teacher and brewer originally from Vestal, New York

Lynn Schuetter, a retired geologist from Lakewood, Colorado

Ray Sun, a college student from Lebanon, New Hampshire (whose 1-day cash winnings total $28,801)

[next game >>]

Jeopardy! Round responses

THE NATIONAL PARK SYSTEM
SPOKES-CHARACTERS
IT'S A MONARCHY
ADJECTIVES
ANIMATION
(Alex: And we'll feature clues from a new Sony Picture Animation film called Open Season.)
SIGNING OFF
    $200 1
the Navajo tribe

Jason
    $200 6
the Pillsbury Doughboy

Ray
    $200 11
Jordan

Ray
    $200 17
vacant

Ray
    $200 16
Ashton Kutcher

Ray
    $200 26
(John) Hancock

Ray
    $400 2
glaciers

Lynn
    $400 7
Tony the Tiger (Tony Tiger accepted)

Ray
    $400 12
Denmark

Ray
    $400 18
fair

Ray
    $400 22
a cel

Lynn
    $400 27
Jimmy Hoffa

Ray
    $600 3
Teddy Roosevelt

Lynn
    $600 8
a giraffe

Ray
    $600 13
(Jason: What is Indonesia?)

Malaysia

RayJason
    $600 19
(Jason: What is prime?)

odd

LynnJason
    $600 23
(Jason: What are special effects?)

sound effects

RayJason
    $600 28
Kellogg

Ray
    $800 4
the Snake River

Lynn
    $800 9
Cheetos

Ray
    $800 14
Bhutan

Ray
    $1,000 20
(Lynn: What is...what is even?)

straight

Lynn
    $800 24
the background

Ray
    $800 29
Michelangelo (Buonarroti)

Lynn
    $1000 5
Cape Hatteras or Cape Lookout

Lynn
    $1000 10
Snuggle (fabric softener)

Jason
    $1000 15
(Alex: [After reading the clue] Or Kirabas.)

Samoa

Lynn
    $1000 21
(Jason: What is Benedict?)

Clement

Jason
Triple Stumper
    $1000 25
computer generated

Ray
    $1000 30
the Treaty of Versailles

Ray

Scores at the first commercial break (after clue 17):

Ray Lynn Jason
$4,400 $3,800 $600

Scores at the end of the Jeopardy! Round:

Ray Lynn Jason
$9,400 $4,600 -$1,600

Double Jeopardy! Round responses

ANCIENT HISTORY
WAR MOVIE LOCATIONS
(Alex: You have to identify the country where the fighting mainly takes place.)
YOGA
"U"-ENDING CREATURES
TALES OF E.T.A. HOFFMANN
3-LETTER WORDS
    $400 1
(Alex: Yeah, we'll accept that. It's [*], not the traditional three that we're used to seeing.)

a pyramid (the pyramids accepted)

Jason
    $400 6
Spain

Lynn
    $400 24
the eye

Jason
    $400 16
an emu

Ray
    $400 21
his shadow

Lynn
    $400 11
a Wat

Ray
    $800 2
(Lynn: What are leap years?)

Olympiads

RayLynn
    $800 7
the Philippines

Ray
    $800 25
a mat

Jason
    $800 17
a caribou

Lynn
    $2,000 22
The Nutcracker

Lynn
    $800 12
a pod

Ray
    $1200 3
(Lynn: What is Wales?)

Wessex

Lynn
Triple Stumper
    $1200 8
Russia

Ray
    $1200 26
child's pose

Triple Stumper
    $1200 18
(Alex: The "u"-ending creature this time is the dreaded [*] fish. [*].)

fugu

Triple Stumper
    $1200 23
a cat

Ray
    $1200 13
an awl

Jason
    $1600 4
the Incas

Lynn
    $1600 9
Korea

Lynn
    $500 27
breathing

Jason
    $1600 19
a kinkajou

Triple Stumper
    $1600 29
Atlantis

Ray
    $1600 14
the bib

Lynn
    $2000 5
(Alex: Bleda's brother was [*].)

Attila the Hun

Triple Stumper
    $2000 10
(Lynn: What is Vietnam?)

Grenada

Lynn
Triple Stumper
    $2000 28
namaste

Triple Stumper
    $2000 20
a zebu

Lynn
    $2000 30
(Carl) Jung

Lynn
    $2000 15
a vas

Lynn

Scores at the end of the Double Jeopardy! Round:

Ray Lynn Jason
$16,600 $15,000 $1,700

[wagering suggestions for these scores]

Final Jeopardy! Round responses

NATIONAL CAPITALS
(Alex: No, Germany is reunited. The last divided capital in Europe is the capital of the island of Cyprus, [*], half to the Greeks, half to the Turks.)
JasonWhat is Belfast?
$0
LynnWhat is Istanbul?
$5,000
RayWhat is Berlin
$13,401
Nicosia

Final scores:

Ray Lynn Jason
$3,199 $10,000 $1,700
2nd place: $2,000 New champion: $10,000 3rd place: $1,000

Game dynamics:

Coryat scores:

Ray Lynn Jason
$16,600 $14,800 $2,800
26 R,
0 W
18 R
(including 1 DD),
4 W
(including 1 DD)
7 R
(including 1 DD),
4 W

Combined Coryat: $34,200

[game clues] [game scores] [suggest correction]

Game tape date: 2006-08-08
The J! Archive is created by fans, for fans. Scraping, republication, monetization, and malicious use prohibited; this site may use cookies and collect identifying information. See terms. The Jeopardy! game show and all elements thereof, including but not limited to copyright and trademark thereto, are the property of Jeopardy Productions, Inc. and are protected under law. This website is not affiliated with, sponsored by, or operated by Jeopardy Productions, Inc. Join the discussion at JBoard.tv.